| 000 | 02737nam a2200289 a 4500 | ||
|---|---|---|---|
| 005 | 20241101104125.0 | ||
| 008 | 100623s2015||||ag a g |||| 001 0dspa d | ||
| 020 | _aS/N | ||
| 041 | _aspa | ||
| 092 |
_c610.8 _l66 _sPEL |
||
| 100 | 1 |
_aPeláez, Victor _94084 |
|
| 245 |
_aCosas de Neuquén. _bFechas importantes. Médicos y medicina / _cVictor Peláez |
||
| 250 | _a1a ed. | ||
| 260 |
_aNeuquén [Neuquén ; Argentina]: _bEDUCO; _c2015. |
||
| 300 |
_a145 p. _bil. |
||
| 500 | _aPeláez, V. (2013). Cosas de Neuquén. Fechas importantes. Médicos y medicina. (1a ed.). Neuquén : EDUCO. | ||
| 505 | _aEstas páginas, a las que he llamado Cosas de Neuquén, son una recopilación de fechas que creo importantes en la historia neuquina, en general y en la historia de la medicina neuquina, en particular. Inicio esta cronología en el año 1833 cuando, aunque ya se estaba gestando la Patagonia, Neuquén no existía ni siquiera como Territorio Nacional. A partir de 1904 -año de la fundación de la capital- me refiero casi exclusivamente a fechas relevantes de la ciudad de Neuquén. Concluyo esta recopilación en la década del '80. Desde sus inicios, en pocos años, Neuquén tuvo un profundo desarrollo, lo cual es un logro de sus propios protagonistas. Desde aquella primera panadería de Don Pedro Linares inaugurada en 1905, mucho más se ha realizado, gracias a la solidaridad y al trabajo organizado de la población. Algunas de las referencias aquí contenidas las leí, otras las escuché y las hay también aquellas de las que fui espectador y aún donde tuve cierto protagonismo. Soy consciente que alguna de estas páginas puede carecer de rigor historiográfico. Hay ciertos pasajes que están más cerca de la leyenda que de la realidad. Pero, tengamos en cuenta que estos relatos formaban parte de las creencias populares, que sin duda, al pasar de boca en boca se iban deformando y, lo más frecuente, exagerando. No por ello pierden su valor histórico. En definitiva, es lo que está incorporado en el imaginario colectivo como un hecho real. Como poseía estos conocimientos, he querido compartirlos y ponerlos a consideración de todos aquellos aficionados a la historia. | ||
| 590 | _aDonación del autor, 2019 | ||
| 653 | _aCómo estas tierras llegaron a ser el Territorio Nacional del Neuquén | ||
| 653 | 4 | _aLos Primeros quince años de Neuquén capital | |
| 653 | _a25 años pujantes 1927-1952 | ||
| 653 | _aTenemos provincia | ||
| 653 | _aCinco recuerdos de los años '60 y '70 | ||
| 653 | _aMédicos y medicina en Neuquén | ||
| 653 | _aAnexos: Censos nacionales y registros demográficos locales; Gobernadores de Neuquén y Autoridades municipales de Neuquén capital. | ||
| 942 |
_2ddc _cBK |
||
| 999 |
_c3028 _d3028 |
||